000 01164nam a2200337 i 4500
001 34682
003 KOSZ 005
005 20220104095933.0
008 981010s1998 pl f |000 0 pol d
020 _a8386847557
040 _cKOSZ 005
_aKOSZ 005
_dKOSZ 005/HR
041 0 _apol
_beng
046 _k1996
080 _a502.5(438)
100 1 _aPtaszycka-Jackowska, Danuta
_d(1939- )
_eAutor
245 1 0 _aPrzyrodnicze obszary chronione :
_bmożliwości użytkowania /
_cDanuta Ptaszycka-Jackowska, Maria Baranowska-Janota ; Instytut Gospodarki Przestrzennej i Komunalnej.
250 _a[Wyd.2 uzup.].
260 _aKraków :
_bIGPiK,
_c1998.
300 _a187 s., 25 s. fot. kolor. :
_bmapy, rys. ;
_c24 cm.
380 _aKsiążki
388 _a1901-2000
388 _a1989-2000
500 _aStreszcz. ang.
504 _aBibliogr. s. 121-131.
650 7 _aObszary chronione
650 7 _aOchrona przyrody
658 _aOchrona środowiska
700 1 _aBaranowska-Janota, Maria
_eAutor
856 _uhttp://koha.tu.koszalin.pl/cgi-bin/koha/opac-detail.pl?biblionumber=34682
_yKatalog online BPK
942 _cKS
_2UKD
999 _c34682
_d34682